000 00459nam a22001937a 4500
003 OSt
005 20260402154702.0
008 260402b |||||||| |||| 00| 0 eng d
020 _a979359307107
040 _cBGL
082 _a658.57018 DAN:B
100 _aDangi H.K
245 _aBusiness Research Methods
250 _a2nd
260 _aNew Delhi
_bVikas Publishing House Pvt. Ltd
_c2025
300 _a374p
650 _aCommerce
942 _2ddc
_cGB
999 _c44363
_d44363